000 00242nam a2200109Ia 4500
008 190912s9999||||xx |||||||||||||| ||und||
100 _aGrob
245 0 _aGrob Basic Electronics
260 _aUSA
_bPrentice
_c1993
300 _a930
942 _cBK
999 _c7104
_d7104